INTERNATIONAL CUISINE & FOOD PRODUCTION MANAGEMENT (Record no. 21070)

MARC details
000 -LEADER
fixed length control field 00320nam a22001337a 4500
003 - CONTROL NUMBER IDENTIFIER
control field SGT
020 ## - INTERNATIONAL STANDARD BOOK NUMBER
International Standard Book Number 0-19-807389-5
082 ## - DEWEY DECIMAL CLASSIFICATION NUMBER
Classification number 646.7
Item number BAL
100 ## - MAIN ENTRY--PERSONAL NAME
Personal name BALI, PARVINDER. S.
245 ## - TITLE STATEMENT
Title INTERNATIONAL CUISINE & FOOD PRODUCTION MANAGEMENT
260 ## - PUBLICATION, DISTRIBUTION, ETC. (IMPRINT)
Place of publication, distribution, etc DELHI
Name of publisher, distributor, etc OXFORD PREES
Year of Publication 2020
300 ## - PAGE DESCRIPTION
No. of Pages 527
942 ## - ADDED ENTRY ELEMENTS (KOHA)
Source of classification or shelving scheme Dewey Decimal Classification
Koha item type Books
Holdings
Withdrawn status Lost status Source of classification or shelving scheme Damaged status Not for loan Collection code Home library Current library Shelving location Date acquired Vendor Name Cost, normal purchase price SGTU Bill Number Total Checkouts Full call number Accession No. (Barcode) Date last seen Bill Date Koha item type
    Dewey Decimal Classification     HOTEL MANAGEMENT SGT Science & Social Sciences Library SGT Science & Social Sciences Library Text Book 26/04/2021 JINDAL 730.00 SGTU BAL   646.7 BAL HM1184 26/04/2021 24/03/2021 Books
    Dewey Decimal Classification     HOTEL MANAGEMENT SGT Science & Social Sciences Library SGT Science & Social Sciences Library Text Book 26/04/2021 JINDAL 730.00 SGTU BAL   646.7 BAL HM1185 26/04/2021 24/03/2021 Books